| 000 | 00975nam a2200241 i 4500 | ||
|---|---|---|---|
| 001 | 153650 | ||
| 003 | ES-MaACL | ||
| 005 | 20230906205326.0 | ||
| 008 | 050722m17841786it | |||||||| ||fre d | ||
| 245 | 0 | 0 |
_aEncyclopédie méthodique _b: tomer premier [-tomer premier seconde partie]. |
| 250 | _aNouvelle édition enrichie de remarques... | ||
| 260 |
_aA Padoue : _b[s.n.], _c1784-1786. |
||
| 300 |
_aVIII, 398; [2], 401-814 p. ; _cFol. |
||
| 594 | _aTít. de antep.: Encyclopédie méthodique ou par ordre de matieres par une société de gens de lettres de savant et d'artistes ... | ||
| 595 | _aMención de ed. precede a subtít. | ||
| 597 | _aSign.: []2, ap, A-54, 5K3. | ||
| 597 | _aPort. con grab. calc.: "Alessandri et Scattaglia scul." | ||
| 597 | _aCada parte con port. propia. | ||
| 597 | _aAntep. en tome premier. | ||
| 597 | _aTexto a dos col. | ||
| 650 | 4 |
_aEnciclopedias. _912235 |
|
| 852 |
_aES-MaACL _jR-113-18 _z- Enc. hol. _x Olim: C.2277-82 |
||
| 999 |
_c153650 _d153650 |
||